000 01220nam a2200313Ia 4500
999 _c4738
_d4738
003 OSt
005 20200317084123.0
008 191128s2014 ck gr 001 0dspa d
020 _a9789587321340
040 _aCO-JMCR
_cCO-JMCR
041 1 _aspa
_heng
082 0 4 _a338.9 /
_bE746i
100 1 _aEscobar, Arturo,
_eautor
_91595
245 1 0 _aLa invención del desarrollo /
_cArturo Escobar ; traductora Diana Ochoa
250 _aTercera edición
260 _aPopayán :
_bEditorial Universidad del Cauca,
_c2014
300 _a359 páginas :
_c24 cm.
500 _aBibliografía: páginas 307-348.
501 _anotas a pie de paginas.
505 _aProblematización de la pobreza: la Fábula de los tres mundos y el desarrollo -- La economía y el espacio del desarrollo: Fábulas de crecimiento y capital --La dispersión del poder: Fábulas de hambre y alimento -- Poder y visinilidad: Fábulas de campesinos
546 _aspa
650 1 4 _aMovimientos sociales
_91596
650 2 4 _aGlobalización
_91597
650 2 4 _aDesarrollo económico
_91598
650 2 4 _aHistoria modernidad
_91599
700 1 _aOchoa, Diana,
_etraductora
_91600
799 _aOchoa, Diana, traductora
942 _2ddc
_cBK